[Event "29th Czech Open A 2018"]
[Site "Pardubice CZE"]
[Date "2018.07.22"]
[Round "3.54"]
[White "Nazaryev, Sergey"]
[Black "Gonda, Laszlo"]
[Result "1/2-1/2"]
[BlackTitle "GM"]
[WhiteElo "2269"]
[BlackElo "2534"]
[WhiteFideId "4114191"]
[BlackFideId "720852"]
[EventDate "2018.07.20"]

1. d4 Nf6 2. Nf3 c5 3. c3 d5 4. Bf4 Nc6 5. e3 Qb6 6. Qc1 Bf5 7. Be2 e6 8. O-O
Be7 9. Nbd2 Rc8 10. dxc5 Bxc5 11. Nh4 Be4 12. Nhf3 Nh5 13. Bg3 Nxg3 14. hxg3 Bg6
15. Nh4 Ne5 16. Nxg6 hxg6 17. Nf3 Qc7 18. Qd1 Ke7 19. Nd4 Rh6 20. f4 Nd7 21. Bf3
Rch8 22. Kf2 Bb6 23. Re1 g5 24. a4 gxf4 25. exf4 Kf8 26. Qd2 a6 27. Ke2 Nb8 28.
Kd1 Nc6 29. Nxc6 Qxc6 30. Kc2 a5 31. f5 Rf6 32. fxe6 fxe6 33. g4 Bc7 34. Qe2 Bf4
35. g5 Bxg5 36. Qe5 Bf4 37. Qd4 b6 38. Rh1 Rhh6 39. Raf1 Ke7 40. Re1 Rxh1 41.
Rxh1 Bh6 42. Re1 Kd7 43. b3 Qc5 44. Qxc5 bxc5 45. c4 dxc4 46. bxc4 Rf4 47. Re4
Rf8 48. Bg4 Rf6 49. Re1 Kd6 50. Bf3 Rf4 51. Re4 Rf7 52. Bg4 Rf6 53. Kd3 e5 54.
Bf3 Rf8 55. Rg4 g5 56. Rg3 Rf4 57. Rh3 Bg7 58. Be4 Rf8 59. Rh7 Rf7 1/2-1/2

[Event "29th Czech Open A 2018"]
[Site "Pardubice CZE"]
[Date "2018.07.22"]
[Round "3.55"]
[White "Krak, Tomas"]
[Black "Jarmula, Lukasz"]
[Result "0-1"]
[WhiteTitle "FM"]
[BlackTitle "IM"]
[WhiteElo "2268"]
[BlackElo "2512"]
[WhiteFideId "14903750"]
[BlackFideId "1160664"]
[EventDate "2018.07.20"]

1. e4 c5 2. Nf3 Nc6 3. d4 cxd4 4. Nxd4 Nf6 5. Nc3 d6 6. Bg5 Bd7 7. Bb5 e6 8.
Bxc6 bxc6 9. Qf3 h6 10. Bh4 c5 11. Nb3 g5 12. Bg3 e5 13. h3 Be7 14. O-O-O Qb6
15. Nd5 Nxd5 16. exd5 Rb8 17. Qc3 f5 18. f4 gxf4 19. Bxf4 Qb4 20. Bxe5 dxe5 21.
Qxe5 Kf7 22. Rhf1 c4 23. Rd4 Bg5+ 24. Kb1 Rhe8 25. Qg3 cxb3 26. Rxb4 bxc2+ 27.
Kxc2 Rxb4 28. Qd6 Re2+ 29. Kc3 Bd2+ 30. Kc2 Bf4+ 31. Kd1 Rd2+ 0-1

[Event "29th Czech Open A 2018"]
[Site "Pardubice CZE"]
[Date "2018.07.22"]
[Round "3.56"]
[White "Tsvetkov, Andrey"]
[Black "Potapov, Pavel"]
[Result "1/2-1/2"]
[WhiteTitle "CM"]
[BlackTitle "GM"]
[WhiteElo "2259"]
[BlackElo "2500"]
[WhiteFideId "34139360"]
[BlackFideId "4169786"]
[EventDate "2018.07.20"]

1. Nf3 g6 2. e4 Bg7 3. d4 d6 4. c4 Nd7 5. Nc3 c6 6. Be2 Qc7 7. Be3 Ngf6 8. O-O
O-O 9. Qd2 Re8 10. h3 e5 11. dxe5 dxe5 12. c5 Nf8 13. Rfd1 Ne6 14. b4 Nf4 15.
Bf1 h6 16. Qd6 Qxd6 17. Rxd6 a6 18. Rad1 g5 19. Nd2 Be6 20. Nc4 Bxc4 21. Bxc4
Ne6 22. Bxe6 Rxe6 23. Rxe6 fxe6 24. a4 Kf7 25. a5 Ke7 26. f3 Nd7 27. Na4 Rd8 28.
Nb2 Bf6 29. Nc4 Rb8 30. Kf2 1/2-1/2

[Event "29th Czech Open A 2018"]
[Site "Pardubice CZE"]
[Date "2018.07.22"]
[Round "3.57"]
[White "Gutman, Gennadi"]
[Black "Dhulipalla, Bala Chandra Prasad"]
[Result "1-0"]
[WhiteTitle "GM"]
[BlackTitle "IM"]
[WhiteElo "2476"]
[BlackElo "2268"]
[WhiteFideId "14102277"]
[BlackFideId "25005812"]
[EventDate "2018.07.20"]

1. d4 d5 2. Nf3 Nf6 3. c4 c6 4. Nc3 dxc4 5. a4 e6 6. e3 c5 7. Bxc4 cxd4 8. exd4
Be7 9. O-O Nc6 10. Qe2 O-O 11. Rd1 Nb4 12. a5 Bd7 13. Ne5 Be8 14. Bg5 Rc8 15.
Bb3 Nbd5 16. Rd3 Nxc3 17. bxc3 Bb5 18. c4 Ba6 19. Rh3 h6 20. Be3 Nd7 21. Bxh6
gxh6 22. Qg4+ Bg5 23. Rxh6 Nxe5 24. dxe5 Rc5 25. Rd1 Qe7 26. f4 Rd8 27. Rh5
Rxd1+ 28. Bxd1 f6 29. Qh3 Qg7 30. Qxe6+ Kf8 31. Qd6+ Kg8 32. Qxc5 1-0

[Event "29th Czech Open A 2018"]
[Site "Pardubice CZE"]
[Date "2018.07.22"]
[Round "3.58"]
[White "Vogel, Roven"]
[Black "Meleshko, Vladimir"]
[Result "1-0"]
[WhiteTitle "IM"]
[BlackTitle "FM"]
[WhiteElo "2462"]
[BlackElo "2268"]
[WhiteFideId "12908088"]
[BlackFideId "14111055"]
[EventDate "2018.07.20"]

1. c4 f5 2. Nf3 Nf6 3. Nc3 e6 4. d4 d5 5. Bf4 c6 6. e3 Be7 7. h3 O-O 8. g4 Ne4
9. gxf5 exf5 10. cxd5 cxd5 11. Qb3 Nxc3 12. bxc3 Nc6 13. Rg1 Na5 14. Qd1 Be6 15.
Ng5 Bxg5 16. Rxg5 Rc8 17. Rc1 Qe7 18. Qa4 b6 19. Ba6 Bd7 20. Qc2 Rc6 21. Ke2 Rf7
22. Bd3 h6 23. Rgg1 Nc4 24. Rg3 Nd6 25. Rg6 Ne4 26. Rxc6 Bxc6 27. c4 Qh4 28.
Bxe4 fxe4 29. cxd5 Bxd5 30. Qc8+ Kh7 31. a3 Bb7 32. Qg4 Qe7 33. Rc3 Ba6+ 34. Ke1
Qe8 35. Qh5 Qe6 36. d5 Qf6 37. Qe5 Qg6 38. Bg3 Bd3 39. Rc8 Rf5 40. Qe6 Qf7 41.
Re8 Bc4 42. Qxf7 Rxf7 43. d6 Bd5 44. h4 Rd7 45. Kd2 Kg6 46. Rf8 Bf7 47. Kc3 Kf5
48. Kd4 Rb7 49. Bh2 Rd7 50. Be5 Kg4 51. Kxe4 Kxh4 52. Kf5 g5 53. e4 Bb3 54. Bg3+
Kh5 55. e5 1-0

[Event "29th Czech Open A 2018"]
[Site "Pardubice CZE"]
[Date "2018.07.22"]
[Round "3.59"]
[White "Phadke, Sohan"]
[Black "Petr, Martin"]
[Result "1-0"]
[WhiteTitle "FM"]
[BlackTitle "GM"]
[WhiteElo "2249"]
[BlackElo "2456"]
[WhiteFideId "5016223"]
[BlackFideId "318299"]
[EventDate "2018.07.20"]

1. e4 e6 2. d4 d5 3. Nc3 Nf6 4. Bg5 dxe4 5. Nxe4 Be7 6. Bxf6 gxf6 7. Qd2 b6 8.
O-O-O Bb7 9. Qe3 Nd7 10. f4 f5 11. Nc3 Nf6 12. Nf3 Ng4 13. Qe2 c6 14. h3 Nf6 15.
g4 fxg4 16. hxg4 Nxg4 17. Bh3 Rg8 18. Bxg4 Rxg4 19. Rxh7 Rxf4 20. Ne5 Qc7 21.
Nb5 cxb5 22. Qxb5+ Bc6 23. Nxc6 Bf8 24. Ne5+ Kd8 25. d5 1-0

[Event "29th Czech Open A 2018"]
[Site "Pardubice CZE"]
[Date "2018.07.22"]
[Round "3.60"]
[White "Jansa, Vlastimil"]
[Black "Stein, Robert"]
[Result "1-0"]
[WhiteTitle "GM"]
[WhiteElo "2451"]
[BlackElo "2253"]
[WhiteFideId "300128"]
[BlackFideId "12921084"]
[EventDate "2018.07.20"]

1. Nf3 Nf6 2. g3 g6 3. b3 Bg7 4. Bb2 O-O 5. Bg2 d6 6. d4 Nbd7 7. O-O e5 8. dxe5
Ng4 9. c4 Ngxe5 10. Nc3 Nxf3+ 11. Bxf3 Rb8 12. Qd2 a6 13. Rac1 Nf6 14. Bg2 Re8
15. e4 Bd7 16. Rfe1 Re7 17. Nd5 Nxd5 18. cxd5 Bxb2 19. Qxb2 c5 20. f4 b5 21. e5
Qb6 22. Qf2 Rbe8 23. b4 Rc8 24. Rc3 f6 25. bxc5 dxc5 26. d6 Ree8 27. Bd5+ Be6
28. d7 Bxd5 29. dxe8=Q+ Rxe8 30. Qxc5 Qe6 31. Rce3 f5 32. Rd1 Be4 33. Qa3 Qc6
34. Qb3+ Kg7 35. Qc3 Qe6 36. Re2 Rc8 37. Qd4 Kh6 38. Red2 Qc6 39. h3 Bf3 40. Re1
Qe6 41. Qd6 Qc4 42. e6 Be4 43. Qe7 Rc7 44. Qf8+ Kh5 45. Qf6 Kh6 46. Red1 Bc6 47.
Qf8+ Rg7 48. Qf6 Rc7 49. Qg5+ Kg7 50. Qd8 Qc5+ 51. Qd4+ Qxd4+ 52. Rxd4 Kf6 53.
Rd7 Rc8 54. Rxh7 Kxe6 55. Ra7 1-0

[Event "29th Czech Open A 2018"]
[Site "Pardubice CZE"]
[Date "2018.07.22"]
[Round "3.61"]
[White "Haba, Petr"]
[Black "Gan-Erdene, Sugar"]
[Result "1-0"]
[WhiteTitle "GM"]
[WhiteElo "2445"]
[BlackElo "2247"]
[WhiteFideId "300160"]
[BlackFideId "4902980"]
[EventDate "2018.07.20"]

1. d4 Nf6 2. c4 g6 3. Nc3 Bg7 4. e4 d6 5. f3 O-O 6. Bg5 Nc6 7. Nge2 a6 8. Qd2
Re8 9. h4 h5 10. O-O-O b5 11. Bh6 bxc4 12. g4 e5 13. d5 Nd4 14. Nxd4 Bxh6 15.
Qxh6 exd4 16. Rxd4 hxg4 17. h5 Nxh5 18. fxg4 Bxg4 19. Rg1 Bf3 20. Bxc4 Qh4 21.
Qe3 Bg4 22. Rd2 Bd7 23. Rf2 Re5 24. Be2 a5 25. Bxh5 Rxh5 26. Qf3 Rh7 27. e5 Kh8
28. e6 Be8 29. Ne4 f5 30. Qc3+ Rg7 31. Rxf5 Bb5 32. Rf7 Qh6+ 33. Ng5 Kg8 34. Qf6
Re8 35. Rxg7+ Qxg7 36. Qf7+ 1-0

[Event "29th Czech Open A 2018"]
[Site "Pardubice CZE"]
[Date "2018.07.22"]
[Round "3.62"]
[White "Ristoja, Samu"]
[Black "Kraus, Tomas"]
[Result "0-1"]
[BlackTitle "IM"]
[WhiteElo "2239"]
[BlackElo "2442"]
[WhiteFideId "504025"]
[BlackFideId "331708"]
[EventDate "2018.07.20"]

1. e4 e5 2. Bc4 Nf6 3. Nc3 Nc6 4. d3 Bb4 5. Ne2 d5 6. exd5 Nxd5 7. a3 Nxc3 8.
Nxc3 Bxc3+ 9. bxc3 O-O 10. Qh5 Qf6 11. O-O e4 12. d4 Nxd4 13. Bg5 Qc6 14. Bxf7+
Rxf7 15. cxd4 Qxc2 16. Rac1 Qa4 17. Bd8 c6 18. Bc7 Bf5 19. Be5 Qxa3 20. Ra1 Qe7
21. Rfc1 a6 22. Qd1 Rd8 23. Qb3 Rd5 24. Re1 Rb5 25. Qg3 Qd7 26. h3 h6 27. Rad1
Kh7 28. Qe3 Bg6 29. Qc1 Qd5 30. Qa1 Ra5 31. Qc3 Ra2 32. Rf1 Bh5 33. Rde1 Be2 0-1

[Event "29th Czech Open A 2018"]
[Site "Pardubice CZE"]
[Date "2018.07.22"]
[Round "3.63"]
[White "Chudinovskikh, Alexander M"]
[Black "Tomczak, Mikolaj"]
[Result "0-1"]
[WhiteTitle "IM"]
[BlackTitle "FM"]
[WhiteElo "2237"]
[BlackElo "2432"]
[WhiteFideId "4106083"]
[BlackFideId "1175114"]
[EventDate "2018.07.20"]

1. e4 c5 2. Nf3 e6 3. c4 Nc6 4. Nc3 e5 5. d3 d6 6. g3 g6 7. Bg2 Bg7 8. O-O Nge7
9. Nh4 O-O 10. f4 Nd4 11. f5 gxf5 12. Bg5 f6 13. Be3 fxe4 14. dxe4 Be6 15. Nd5
f5 16. Bg5 Bxd5 17. cxd5 Bf6 18. Qh5 Bxg5 19. Qxg5+ Kh8 20. Qh6 Rf7 21. Rf2 Rg7
22. exf5 Ng8 23. Qd2 Nf6 24. Re1 a5 25. Nf3 Nxf3+ 26. Bxf3 Qd7 27. Bg2 Rg4 28.
Re3 Qg7 29. Rb3 Rb4 30. Rxb4 axb4 31. b3 Rg8 32. Bf3 h5 33. Rg2 Qg5 34. Bd1 Qxd2
35. Rxd2 Rg5 36. Bc2 Rg4 37. Kg2 Rd4 38. Re2 Kg7 39. h3 b5 40. Kf3 c4 41. Rg2 c3
42. g4 hxg4+ 43. Kg3 Kh6 44. Kh4 Nxd5 45. hxg4 Ne3 46. Re2 Nxg4 47. Kg3 Kg5 0-1

[Event "29th Czech Open A 2018"]
[Site "Pardubice CZE"]
[Date "2018.07.22"]
[Round "3.64"]
[White "Domogaev, Sergey"]
[Black "Bharath, Subramaniyam H"]
[Result "0-1"]
[WhiteTitle "GM"]
[BlackTitle "CM"]
[WhiteElo "2414"]
[BlackElo "2231"]
[WhiteFideId "24103608"]
[BlackFideId "46634827"]
[EventDate "2018.07.20"]

1. d4 Nf6 2. c4 e6 3. Nc3 c5 4. d5 exd5 5. cxd5 d6 6. e4 g6 7. f4 Bg7 8. Bb5+
Nfd7 9. Nf3 a6 10. Bd3 b5 11. Bc2 O-O 12. O-O Nb6 13. f5 N8d7 14. Bg5 f6 15. Bf4
Nc4 16. fxg6 hxg6 17. b3 Nce5 18. Qd2 Bb7 19. Ne2 Qe7 20. Bg3 Nxf3+ 21. gxf3 Ne5
22. Rae1 Rae8 23. f4 Nf7 24. b4 Bc8 25. Kg2 Bg4 26. Ng1 cxb4 27. Qxb4 Qc7 28.
Bd3 f5 29. Rc1 Qb7 30. Rc6 fxe4 31. Bxe4 Nd8 32. h3 Bf5 33. Bf3 Nxc6 34. dxc6
Qc7 35. Rd1 Rf7 36. Bh4 Bf8 37. Qd4 d5 38. Qxd5 Be6 39. Qd2 Bh6 40. Bg5 Bxg5 41.
fxg5 Bc4 42. Qc2 Qe5 43. h4 Kg7 44. a3 Ref8 45. Qf2 Kh7 46. Qd4 Qe7 47. Qe4 Qxe4
48. Bxe4 Re8 49. Bf3 Rc7 50. Rd4 Rf8 51. Kg3 Bf1 52. Be4 Re8 53. Nf3 Kg7 54. Nd2
Be2 55. Rd6 Bh5 56. Kf4 a5 57. Nb3 Rf7+ 58. Ke3 Rf3+ 59. Kd4 Rxb3 60. Rd7+ Kf8
61. Bd5 Rf3 62. c7 Rf4+ 63. Kc5 Bg4 64. Rh7 Re7 65. Rh8+ Kg7 66. Rg8+ Kh7 67.
c8=Q Bxc8 68. Rxc8 b4 0-1

[Event "29th Czech Open A 2018"]
[Site "Pardubice CZE"]
[Date "2018.07.22"]
[Round "3.65"]
[White "Nikologorsky, Matfei"]
[Black "Drnovsek, Gal"]
[Result "1/2-1/2"]
[BlackTitle "IM"]
[WhiteElo "2222"]
[BlackElo "2414"]
[WhiteFideId "24102474"]
[BlackFideId "14607077"]
[EventDate "2018.07.20"]

1. e4 c5 2. Nf3 d6 3. d4 cxd4 4. Nxd4 Nf6 5. Nc3 a6 6. Be2 e5 7. Nb3 Be7 8. O-O
O-O 9. Be3 Be6 10. Qd2 Nbd7 11. a4 Nb6 12. a5 Nc4 13. Bxc4 Bxc4 14. Rfd1 h6 15.
f3 Qc7 16. Nc1 Rac8 17. Bb6 Qb8 18. N1a2 Be6 19. Nb4 Rc4 20. Na4 Rfc8 21. b3
Rxb4 22. Qxb4 Rxc2 23. Nc3 Qc8 24. Rac1 d5 25. Qxe7 Qxc3 26. Qc7 Rxc1 27. Rxc1
Qd2 28. exd5 Nxd5 29. Qc2 Qb4 30. Rd1 g6 31. Qc4 Kg7 32. h3 Qxc4 33. bxc4 Nb4
34. Rb1 Nc6 35. c5 Kf6 36. Bc7 Bc8 37. Rd1 Ke6 38. Rd6+ Ke7 39. Kf2 Bd7 40. Rd2
f6 41. Rb2 Bc8 42. Ke3 Kd7 43. Bb6 Ke6 44. Rd2 Nd4 45. Rxd4 1/2-1/2

[Event "29th Czech Open A 2018"]
[Site "Pardubice CZE"]
[Date "2018.07.22"]
[Round "3.66"]
[White "Bente, Bjoern"]
[Black "Bruedigam, Martin"]
[Result "1/2-1/2"]
[WhiteTitle "FM"]
[BlackTitle "IM"]
[WhiteElo "2219"]
[BlackElo "2387"]
[WhiteFideId "4638611"]
[BlackFideId "24608033"]
[EventDate "2018.07.20"]

1. e4 e5 2. Nf3 Nc6 3. Bc4 Bc5 4. O-O d6 5. d3 Nf6 6. a4 h6 7. c3 a5 8. Re1 O-O
9. h3 Re8 10. Nbd2 Be6 11. Bb5 Bd7 12. Nf1 Ne7 13. Bc4 Ng6 14. Be3 Bxe3 15. Rxe3
Nf4 16. Ng3 g6 17. Qb3 Qe7 18. d4 Reb8 19. Qa3 Re8 20. Qb3 Reb8 21. Qa3 1/2-1/2

[Event "29th Czech Open A 2018"]
[Site "Pardubice CZE"]
[Date "2018.07.22"]
[Round "3.67"]
[White "Semjonovs, Ilja"]
[Black "Rakesh, Kumar Jena"]
[Result "1/2-1/2"]
[BlackTitle "IM"]
[WhiteElo "2219"]
[BlackElo "2385"]
[WhiteFideId "11604263"]
[BlackFideId "5084822"]
[EventDate "2018.07.20"]

1. e4 d6 2. d4 Nf6 3. Nc3 g6 4. g3 Bg7 5. Bg2 O-O 6. Nge2 Na6 7. O-O c5 8. h3
cxd4 9. Nxd4 Bd7 10. Be3 Nc5 11. Qd2 Rc8 12. Rad1 a6 13. Nb3 Nxb3 14. axb3 Qc7
15. Bd4 Bc6 16. Rfe1 b5 17. e5 dxe5 18. Bxe5 Qb7 19. Bxc6 Rxc6 20. Bxf6 Bxf6 21.
Nd5 Kg7 22. Nxf6 exf6 23. c3 Rc5 24. Qd7 Qa8 25. Re7 Qf3 26. Rd3 Qh5 27. Qg4
Qxg4 28. hxg4 Re5 29. Ra7 Re6 30. Rd1 Re2 1/2-1/2

[Event "29th Czech Open A 2018"]
[Site "Pardubice CZE"]
[Date "2018.07.22"]
[Round "3.68"]
[White "Vokac, Marek"]
[Black "Olson, Hamish"]
[Result "1-0"]
[WhiteTitle "GM"]
[WhiteElo "2384"]
[BlackElo "2229"]
[WhiteFideId "300101"]
[BlackFideId "2404257"]
[EventDate "2018.07.20"]

1. d4 d5 2. c4 e6 3. Nc3 Nf6 4. Bg5 Nbd7 5. Nf3 h6 6. Bh4 Be7 7. e3 O-O 8. Qc2
c5 9. cxd5 Nxd5 10. Bxe7 Qxe7 11. Nxd5 exd5 12. Be2 c4 13. O-O b5 14. Rfe1 Bb7
15. Bf1 Qf6 16. Nd2 Nb6 17. g3 Rfc8 18. Rad1 b4 19. e4 c3 20. bxc3 Qxd4 21. e5
Rxc3 22. Qb1 Na4 23. Nc4 Qc5 24. Nd6 Rc2 25. Re3 Bc6 26. Bd3 d4 27. Ree1 Rb2 28.
Bh7+ Kf8 29. Qf5 Qd5 30. Re4 Bd7 31. Qxd7 1-0

[Event "29th Czech Open A 2018"]
[Site "Pardubice CZE"]
[Date "2018.07.22"]
[Round "3.69"]
[White "Kula, Dominik"]
[Black "Yelisieiev, Yevhenii"]
[Result "0-1"]
[BlackTitle "FM"]
[WhiteElo "2215"]
[BlackElo "2379"]
[WhiteFideId "344338"]
[BlackFideId "14139642"]
[EventDate "2018.07.20"]

1. e4 c5 2. Nf3 e6 3. d4 cxd4 4. Nxd4 a6 5. c4 Nf6 6. Nc3 d6 7. Be2 Be7 8. O-O
Nbd7 9. Be3 Qc7 10. Rc1 b6 11. f4 O-O 12. b4 Bb7 13. Bf3 Rac8 14. f5 Ne5 15.
fxe6 Nxc4 16. Bf4 b5 17. Kh1 Qb6 18. Nf5 Rce8 19. exf7+ Rxf7 20. Bh5 Nxh5 21.
Qxh5 Bf8 22. Rce1 g6 23. Qg4 d5 24. Nh6+ Bxh6 25. Bxh6 Ne3 26. Bxe3 Qxe3 27. Nd1
Qxe4 28. Qg3 Rxf1+ 29. Rxf1 d4 30. Nf2 Rf8 31. Kg1 Qf5 32. Rd1 Bd5 33. Rxd4 Qb1+
34. Rd1 Qxb4 35. Qe5 Rf5 36. Qb8+ Kg7 37. g4 Rf6 38. Qc7+ Bf7 39. Qe5 Qf4 40.
Qb2 h5 41. Rd4 Qe5 42. Qd2 Re6 43. Kg2 Be8 44. Qf4 Qxf4 45. Rxf4 Re2 0-1

[Event "29th Czech Open A 2018"]
[Site "Pardubice CZE"]
[Date "2018.07.22"]
[Round "3.70"]
[White "Reuker, Jari"]
[Black "Furman, Boris"]
[Result "1-0"]
[BlackTitle "FM"]
[WhiteElo "2377"]
[BlackElo "2214"]
[WhiteFideId "12909300"]
[BlackFideId "4107187"]
[EventDate "2018.07.20"]

1. Nf3 d5 2. c4 e6 3. g3 Nf6 4. Bg2 d4 5. O-O c5 6. e3 Nc6 7. exd4 cxd4 8. d3
Bd6 9. Bg5 h6 10. Bxf6 Qxf6 11. Nbd2 O-O 12. Ne4 Qd8 13. Nxd6 Qxd6 14. Re1 e5
15. b4 Bg4 16. b5 Ne7 17. h3 Bxf3 18. Qxf3 Rab8 19. Qe4 Ng6 20. h4 Rfe8 21. Rac1
b6 22. c5 bxc5 23. Qc6 Qd8 24. Qxc5 Qa5 25. Bc6 Rbc8 26. h5 Nf8 27. Rxe5 Rxe5
28. Qxe5 Qd2 29. Rc4 Qxd3 30. Rxd4 Qb1+ 31. Kg2 Ne6 32. Rd7 Ng5 33. Rxa7 Qd1 34.
Qf5 Rd8 35. Bf3 Qa1 36. b6 Qd4 37. Ra6 Qd6 38. a4 g6 39. hxg6 fxg6 40. Qd5+ 1-0

[Event "29th Czech Open A 2018"]
[Site "Pardubice CZE"]
[Date "2018.07.22"]
[Round "3.71"]
[White "Cerveny, Martin"]
[Black "Volotovsky, Kirill"]
[Result "0-1"]
[WhiteTitle "IM"]
[WhiteElo "2359"]
[BlackElo "2214"]
[WhiteFideId "321141"]
[BlackFideId "14151634"]
[EventDate "2018.07.20"]

1. c4 e6 2. Nc3 Bb4 3. d4 Nf6 4. e3 d5 5. Ne2 dxc4 6. a3 Ba5 7. Qa4+ Nc6 8. Qxc4
e5 9. dxe5 Nxe5 10. Qb5+ Nfd7 11. Qd5 O-O 12. b4 Bb6 13. Ng3 a5 14. Bb2 Qe7 15.
Qe4 Nf6 16. Qh4 Ng6 17. Qc4 Be6 18. Qb5 Nh4 19. Qg5 Ng6 20. Nce4 Nxe4 21. Nxe4
f6 22. Qb5 Rfd8 23. Nc5 Bd5 24. Bc4 Bxc5 25. bxc5 c6 26. Bxd5+ Rxd5 27. Qb3 a4
28. Qa2 Qe4 29. Bd4 Qxg2 30. O-O-O Kh8 31. Qc2 Qf3 32. Rhg1 Rad8 33. Rd2 Qh5 34.
Rgd1 Nh4 35. e4 R5d7 36. Be3 Qg4 37. Rd6 Rxd6 38. cxd6 h6 39. Qxa4 Nf3 40. Qa5
Rd7 41. Qa8+ Kh7 42. Qe8 Ne5 43. f4 Nc4 44. Rg1 Nxd6 45. Rxg4 Nxe8 46. Kc2 Nd6
47. f5 Nc4 48. Bf4 Nxa3+ 49. Kb3 Nb5 50. Kb4 Rd4+ 51. Kc5 Rxe4 52. h3 Nc3 53.
Kd6 Nd5 54. Bd2 Rxg4 55. hxg4 g5 56. fxg6+ Kxg6 57. Kd7 Nb6+ 58. Kc7 Nc4 0-1

[Event "29th Czech Open A 2018"]
[Site "Pardubice CZE"]
[Date "2018.07.22"]
[Round "3.72"]
[White "Meissner, Felix"]
[Black "Jazdanovs, Aleksandrs"]
[Result "1-0"]
[WhiteTitle "FM"]
[WhiteElo "2354"]
[BlackElo "2205"]
[WhiteFideId "24671827"]
[BlackFideId "11604492"]
[EventDate "2018.07.20"]

1. e4 c5 2. Nc3 d6 3. d4 cxd4 4. Qxd4 a6 5. b3 Nc6 6. Qd2 g6 7. Bb2 Bg7 8. O-O-O
Nf6 9. f3 O-O 10. g4 Qa5 11. Kb1 Rd8 12. g5 Nh5 13. Nge2 Be6 14. f4 b5 15. Bg2
Bg4 16. h3 Bxc3 17. Bxc3 b4 18. hxg4 bxc3 19. Nxc3 Nxf4 20. Qxf4 Qxc3 21. Rxh7
Rf8 22. Rdh1 f6 23. e5 1-0

[Event "29th Czech Open A 2018"]
[Site "Pardubice CZE"]
[Date "2018.07.22"]
[Round "3.73"]
[White "Baskakov, Egor"]
[Black "Tate, Alan"]
[Result "1-0"]
[BlackTitle "FM"]
[WhiteElo "2203"]
[BlackElo "2352"]
[WhiteFideId "24197866"]
[BlackFideId "2401878"]
[EventDate "2018.07.20"]

1. e4 c6 2. Nc3 d5 3. Nf3 dxe4 4. Nxe4 Nf6 5. Nxf6+ exf6 6. d4 Bd6 7. Be3 O-O 8.
Qd2 Re8 9. O-O-O Na6 10. d5 Nc5 11. Bd3 Nxd3+ 12. Qxd3 c5 13. Nd2 Bf8 14. Bf4
Qa5 15. Rhe1 Bd7 16. Kb1 b5 17. c4 Rxe1 18. Rxe1 bxc4 19. Qxc4 g5 20. Be3 Rb8
21. Rc1 Bf5+ 22. Ka1 Bd6 23. Nb3 Be5 24. Bxc5 Qd2 25. Bd4 Rxb3 26. Bxe5 Rb6 27.
Qc3 Qxd5 28. Bxf6 h6 29. Bd4 Ra6 30. b3 Be6 31. Qe3 Rc6 32. Rxc6 Qxc6 33. Kb2
Qd5 34. Bxa7 Qxg2 35. Qe5 Kh7 36. Qf6 Qe4 37. Bd4 Qe2+ 38. Ka3 Qa6+ 39. Kb4 Qb7+
40. Kc3 Qc8+ 41. Kb2 1-0

[Event "29th Czech Open A 2018"]
[Site "Pardubice CZE"]
[Date "2018.07.22"]
[Round "3.74"]
[White "Zlatin, Alexander"]
[Black "Flick, Antoine"]
[Result "1/2-1/2"]
[BlackTitle "FM"]
[WhiteElo "2200"]
[BlackElo "2348"]
[WhiteFideId "2810549"]
[BlackFideId "26025736"]
[EventDate "2018.07.20"]

1. e4 c5 2. c3 Nf6 3. e5 Nd5 4. d4 cxd4 5. Nf3 Nc6 6. cxd4 d6 7. Bc4 dxe5 8.
Bxd5 Qxd5 9. Nc3 Qa5 10. d5 Nb4 11. Nxe5 Bf5 12. O-O Rd8 13. Nc4 Qa6 14. Ne3 Bg6
15. Qb3 e6 16. a3 Nd3 17. dxe6 fxe6 18. Nb5 Rd7 19. a4 Be7 20. Nc4 O-O 21. Be3
Qc6 22. Nxa7 Qe4 23. Nd2 Qe5 24. Nc4 Qe4 25. Nd2 Qg4 26. h3 Qf5 27. Nb5 Bf6 28.
Nc4 Be5 29. Nxe5 Qxe5 30. Qc3 Qe4 31. b3 Bh5 32. Qc4 Qxc4 33. bxc4 Rc8 34. c5
Be2 35. Rfb1 e5 36. Nd6 Rcc7 37. Rxb7 Rxb7 38. c6 Rbc7 39. cxd7 Rxd7 40. Ne4 Nb4
41. a5 Na6 42. Nc5 Nxc5 43. Bxc5 Rd1+ 44. Rxd1 Bxd1 45. a6 Ba4 46. Bd6 e4 47. a7
Bc6 48. Kf1 h5 49. h4 Kf7 50. Ke2 Ke6 51. Bf4 g6 52. Ke3 Kf5 53. g3 Ba8 54. Kd4
Ke6 55. Kc5 Bd5 1/2-1/2

[Event "29th Czech Open A 2018"]
[Site "Pardubice CZE"]
[Date "2018.07.22"]
[Round "3.75"]
[White "Stoyanov, Tsvetan"]
[Black "Stetsko, Lanita"]
[Result "1/2-1/2"]
[WhiteTitle "FM"]
[BlackTitle "FM"]
[WhiteElo "2348"]
[BlackElo "2200"]
[WhiteFideId "2917173"]
[BlackFideId "13505300"]
[EventDate "2018.07.20"]

1. e4 e5 2. Nf3 Nc6 3. Nc3 Nf6 4. Be2 d5 5. exd5 Nxd5 6. O-O Nxc3 7. bxc3 e4 8.
Ne1 Bd6 9. f3 f5 10. fxe4 fxe4 11. d4 Be6 12. Rb1 Na5 13. g3 Rf8 14. Ng2 Qe7 15.
Nf4 Bxf4 16. Bxf4 O-O-O 17. Qc1 h6 18. Qb2 c6 19. Rfe1 g5 20. Be3 Nc4 21. Qc1
Qd7 22. Bxc4 Bxc4 23. Qa3 Ba6 24. Qc5 Rf3 25. Qxa7 Qh3 26. c4 Rxg3+ 27. hxg3
Qxg3+ 28. Kh1 Qh3+ 29. Kg1 Qg3+ 30. Kh1 1/2-1/2

[Event "29th Czech Open A 2018"]
[Site "Pardubice CZE"]
[Date "2018.07.22"]
[Round "3.76"]
[White "Suta, Andraz"]
[Black "Fataliyeva, Ulviyya"]
[Result "1-0"]
[BlackTitle "WGM"]
[WhiteElo "2197"]
[BlackElo "2344"]
[WhiteFideId "14613190"]
[BlackFideId "13403052"]
[EventDate "2018.07.20"]

1. e4 e6 2. d4 d5 3. e5 c5 4. c3 Qb6 5. Nf3 Nc6 6. a3 Nh6 7. b4 cxd4 8. cxd4 Nf5
9. Be3 f6 10. exf6 gxf6 11. Bd3 Nxe3 12. fxe3 Bh6 13. Qe2 Bd7 14. Nc3 Ne7 15.
O-O O-O-O 16. Rfb1 Kb8 17. a4 Rc8 18. a5 Qd6 19. Nd1 e5 20. dxe5 fxe5 21. e4 d4
22. b5 Ng6 23. b6 a6 24. Bxa6 Nf4 25. Qf1 d3 26. Bxb7 Rc2 27. a6 Rxg2+ 28. Kh1
Rc2 29. Bc8 Rhxc8 30. b7 Ka7 31. bxc8=Q Bxc8 32. Qg1+ Qc5 33. Qg8 Ne6 34. Qf7+
Qc7 35. Rb7+ Bxb7 36. axb7+ Kxb7 37. Qxe6 Rc6 38. Qb3+ Rb6 39. Qd5+ Qc6 40. Qxd3
Rb4 41. Rb1 Rxb1 42. Qxb1+ Kc7 43. Qd3 Bf4 44. Qc3 1-0